L'Attacco dei Giganti - I Nove Giganti - Statistics

Statistiche generali
  • Questo quiz è stato fatto 36 volte
  • Il punteggio medio è 8 su 9
Statistiche sulle risposte
con Immagini Risposta % Corretto
Gigante Bestia
100%
Gigante Colossale
100%
Gigante Corazzato
97%
Gigante Martello
97%
Gigante d'Attacco
94%
Gigante Mascella
94%
Gigante Carro
91%
Gigante Femmina
91%
Gigante Fondatore
80%
Nessun quiz corrispondente trovato
Distribuzione punteggi
Percentuale di utenti per punteggio
Percentile per numero di risposta
I tuoi punteggi nel tempo
Non hai fatto questo quiz